000 00908nam a2200289 i 4500
003 EG-GICUC
005 20260305135246.0
008 260305s1958 us ||||fr|||| 00| 0 eng d
040 _aEG-GiCUC
_beng
_cEG-GiCUC
_dEG-GiCUC
_eRda
082 0 4 _221
_a341.6056
_bLI . T
092 0 4 _221
099 _aLaw1 11 341.6056 LI . T 1958
100 1 _aLilienthal, Alfred M
_eAuthor.
245 1 0 _aThere Goes the Middle East /
_b
_cAlfred M. Lilienthal.
_n
264 1 _aNew York :
_bThe Bookmailer, Inc,
_c1958.
300 _a321page :
_billustration ;
_c 24 cm.
336 _2rda contenu
_a texte
337 _2rda medias
_aOrdinateur
338 _2 transporteur rda
_a Ressource en ligne
504 _a
546 _aText in English
650 1 4 _aPublic international law
_2
651 1 _2
856 4 0 _uhttps://fll.law.cu.edu.eg/fulltext/bks/B11-08642.pdf
905 _a50
942 _2ddc
_cBK
_e21
_n0
999 _c64990
_d64990